000 00241nam a2200097Ia 4500
001 692010
005 20250826161846.0
008 250824s9999 xx 000 0 und d
245 0 _aHALİME KAPTAN
_cRIFAT ILGAZ
260 _bTÜRKİYE İŞ BANKASI
999 _c692010
_d692010